000 01177nam a22003497a 4500
003 CHAP
005 20220329143151.0
008 060922d2006 mx r 00110 spa d
010 _a92781
011 _a93753
035 _a104333
040 _cCHAP
090 _aTesis
100 1 _aFlores Romero, Adriana Fabiola
_941724
245 1 0 _aPropagación por acodo aéreo de Magnolia grandiflora L.
_c/por Adriana Fabiola Flores Romero
260 _aChapingo, Méx. :
_bEl autor,
_c2006.
300 _a51 h.
502 _aTesis (Ing. en Restauración Forestal) - - UACH. División de Ciencias Forestales
590 _aALEPH
_b10
_c20130110
_lUCH01
_h1513
590 _aBATCH-UPD
_b10
_c20130110
_lUCH01
_h0359
590 _aBATCH-UPD
_b10
_c20130410
_lUCH01
_h0032
590 _aBATCH-UPD
_b10
_c20130913
_lUCH01
_h1911
590 _aCONVERSION
_b10
_c20130109
_lUCH01
_h1351
650 1 4 _aAcodo.
_9622
650 1 4 _aMagnolia.
_969860
650 1 4 _aPropagación de plantas.
_992417
901 _aBK
905 _aLilia
942 _cFOLL
949 _aTesis
_bBC
_cTES
_d00000001043331
_eTS1
_h45767
_i104333
_sb
949 _aTesis
_bBC
_cTES
_d33724000995106
_eTS2
_fc.2
_h45768
_i104333
_si
999 _c92781
_d92781